00658nam a2200205 a 450000100060000000300080000600500170001400800410003102000250007203500190009704000270011604100080014308200280015124500660017926000680024530000340031350400390034765000380038670000280042460153BD-RjUL20211209080817.0161228s1985 coua b 001 0 eng  a0865316848 :c$32.50 a(BD-RjUL)60277 aDLCcDLCdBD-RjULbeng aeng00a355.13323223bCEN 198500aCentral organizations of defense /cedited by Martin Edmonds. aBoulder, Colo. :bWestview Press ;aLondon :bF. Pinter,c1985. axiv, 237 p. :bill. ;c24 cm. aIncludes bibliographies and index. 0aMilitary policyxDecision making.1 aEdmonds, Martin,d1939-